000 00493nam a2200181Ia 4500
008 220216s9999 xx 000 0 und d
100 _aSerier J B
245 0 _aWickhams legend: the true-false story of the rubber seed theft in Brazil
260 _bCahiers du Bresil Contemporain (France)
_c19-Sep
300 _a1993
500 _aSource Year: 1995
650 _aBrazil
650 _aHevea brasiliensis
650 _aHistory
650 _aRubber crops
856 _uATA
942 _cJS
999 _c72424
_d72424